|
|
|
|
| LEADER |
00000nam0a2200000 4500 |
| 001 |
105750 |
| 005 |
20231101214629.0 |
| 010 |
|
|
|a 5829106132
|
| 010 |
|
|
|a 5-902833-09-4
|
| 035 |
|
|
|a (RuTPU)RU\TPU\book\114110
|
| 090 |
|
|
|a 105750
|
| 100 |
|
|
|a 20061121d2005 m y0rusy50 ca
|
| 101 |
0 |
|
|a rus
|
| 102 |
|
|
|a RU
|
| 105 |
|
|
|a a j 010zy
|
| 200 |
1 |
|
|a Русская диалектология
|e учебник
|f С. К. Пожарицкая
|g Московский государственный университет им. М. В. Ломоносова
|
| 210 |
|
|
|a Москва
|c Академический проект
|c Парадигма
|d 2005
|
| 215 |
|
|
|a 256 с.
|c ил.
|
| 225 |
1 |
|
|a Gaudeamus
|
| 300 |
|
|
|a К 250-летию МГУ.
|
| 330 |
|
|
|a В учебнике содержатся сведения о фонетике и грамматике говоров и о диалектном членении русского языка, которые иллюстрируются картами, рисунками и значительным количеством диалектных текстов. Даются методические указания по анализу диалектных текстов и образцы такого анализа. Для студентов филологических факультетов.
|
| 606 |
1 |
|
|a Русский язык
|x Диалектология, диалектография
|2 stltpush
|3 (RuTPU)RU\TPU\subj\26395
|9 50335
|
| 610 |
1 |
|
|a говоры
|
| 610 |
1 |
|
|a диалекты
|
| 610 |
1 |
|
|a диалектология
|
| 610 |
1 |
|
|a фонетика
|
| 610 |
1 |
|
|a морфология
|
| 610 |
1 |
|
|a синтаксис
|
| 610 |
1 |
|
|a лексика
|
| 610 |
1 |
|
|a наречия
|
| 610 |
1 |
|
|a словообразование
|
| 610 |
1 |
|
|a учебные пособия
|
| 686 |
|
|
|a Ш141.2-923.5
|v LBC/SL-A
|2 rubbk
|
| 700 |
|
1 |
|a Пожарицкая
|b С. К.
|g Софья Константиновна
|
| 712 |
0 |
2 |
|a Московский государственный университет им. М. В. Ломоносова
|2 stltpush
|3 (RuTPU)RU\TPU\col\7
|
| 801 |
|
1 |
|a RU
|b 63413507
|c 20061121
|g PSBO
|
| 801 |
|
2 |
|a RU
|b 63413507
|c 20151030
|g PSBO
|
| 900 |
|
|
|a Лексикология
|
| 942 |
|
|
|c BK
|
| 951 |
|
|
|b 030000
|